Establecimientos rurales en américa latina /

Guardado en:
Autor Principal: Diegues Junior, Manuel
Formato: Libro
Publicado: Buenos Aires : Eudeba, 1967
Series:Bibl. Libros del Tiempo Nuevo
Materias:
Etiquetas: Agregar Etiqueta
Sin Etiquetas, Sea el primero en etiquetar este registro!
LEADER 00608nam a22002055a 4500
001 CEM.cems002099
005 20060215000000.0
008 130507s1967##################000#0#####d
003 CEMS
082 0 4 |a 630.98 
100 1 |a Diegues Junior, Manuel 
245 1 0 |a Establecimientos rurales en américa latina / 
260 |a Buenos Aires :  |b Eudeba,  |c 1967 
300 |a 230 p. 
490 0 |a Bibl. Libros del Tiempo Nuevo 
653 |a America latina 
653 |a Establecimientos rurales 
653 |a Ganaderia-historia 
653 |a Historia de america 
859 |a CEMS  |b BIB. CEMS - 11 de abril  |h 630.98  |i D563  |p 585.73  |t Ej.1